000 00461nam a22001817a 4500
005 20230727141822.0
008 230727b |||||||| |||| 00| 0 eng d
020 _a978-81-931981-0-0
041 _aeng
082 _a345.400 5
100 _aDHAL, DEBI PRASHAD AND REDDY, A.RAMI
_97896
245 _aINDIAN BAR REVIEW VOL-47 [1] 2020
250 _aVOL-47[1]
260 _bBAR COUNCIL OF INDIA TRUST
300 _a343,p
650 _aLAW
_97897
942 _cBK
999 _c8344
_d8342